[Event "Open Aubagne 2019-2020"]
[Site "Aubagne"]
[Date "2019.09.02"]
[Round "5.18"]
[White "De Laurentis, Pierre"]
[Black "Hassaine, Rachid"]
[Result "0-1"]
[WhiteElo "1207"]
[BlackElo "1357"]
[PlyCount "82"]

1. d4 d5 2. Nf3 c6 3. g3 e6 4. Bg2 Nd7 5. Nbd2 Bd6 6. c4 Ngf6 7. h3 O-O 8. Qc2
Qc7 9. O-O Nh5 10. c5 Bxg3 11. fxg3 Qxg3 12. e3 f5 13. Qd1 f4 14. Ne5 Qxe3+ 15.
Kh1 Ng3+ 16. Kh2 Nxf1+ 17. Nxf1 Qf2 18. Ng4 Qh4 19. Qf3 Nf6 20. Nf2 Bd7 21.
Bxf4 Nh5 22. Nd3 Nxf4 23. Ne5 Nxg2 24. Qxg2 Rf2 25. Nf3 Qf4+ 26. Kg1 Rxg2+ 27.
Kxg2 Rf8 28. N1h2 Qe4 29. Re1 Qc2+ 30. Kg3 Qxb2 31. Ng4 Qc3 32. Rf1 Be8 33.
Nge5 Bh5 34. a4 Bxf3 35. Nxf3 Rf6 36. a5 Qe3 37. h4 Qf4+ 38. Kg2 Rg6+ 39. Ng5
Qg4+ 40. Kf2 Qxh4+ 41. Ke2 Qxg5 0-1

[Event "Open Aubagne 2019-2020"]
[Site "Aubagne"]
[Date "2019.09.02"]
[Round "5.19"]
[White "Vicari-Vento, Salvatore"]
[Black "Autouard, Jean-Luc"]
[Result "1-0"]
[WhiteElo "1329"]
[BlackElo "1239"]
[PlyCount "75"]

1. e4 c5 2. Nf3 e6 3. d4 cxd4 4. Nxd4 Nf6 5. Nc3 Nc6 6. Nxc6 bxc6 7. Be2 Be7 8.
O-O d6 9. a3 Bd7 10. Kh1 Qc7 11. f4 O-O 12. b4 a6 13. Bd2 d5 14. e5 Ne8 15. Bf3
f6 16. Qe1 c5 17. bxc5 Bxc5 18. Ra2 Rb8 19. Qe2 d4 20. Ne4 Bb5 21. Qe1 Bxf1 22.
Qxf1 Ba7 23. g3 Qf7 24. Bb4 Nc7 25. Bxf8 Rxf8 26. exf6 Nb5 27. a4 Nc3 28. Nxc3
dxc3 29. Qxa6 Rb8 30. Ra1 gxf6 31. Qc4 Qd7 32. f5 Kg7 33. fxe6 Qd2 34. Qc7+ Kh6
35. Qxa7 Rb2 36. Be4 Qe2 37. Qxh7+ Kg5 38. Qg6# 1-0

[Event "Open Aubagne 2019-2020"]
[Site "Aubagne"]
[Date "2019.09.02"]
[Round "5.20"]
[White "Rescanieres, Alice"]
[Black "Rocchia, Alex"]
[Result "1-0"]
[WhiteElo "1196"]
[BlackElo "1314"]
[PlyCount "57"]

1. b3 e5 2. Bb2 f6 3. c4 Nc6 4. Nc3 Bc5 5. e3 Qe7 6. Nge2 a6 7. g3 Ba3 8. Nd5
Nb4 9. Nec3 Nxd5 10. Nxd5 Qd6 11. Bxa3 Qc6 12. Bg2 Kd8 13. O-O Qe6 14. Re1 b5
15. Nc3 Rb8 16. cxb5 axb5 17. Bd5 Qb6 18. Bf8 h5 19. Bxg7 Rh7 20. Bxg8 Rxg7 21.
Bd5 c6 22. Bg2 h4 23. Qh5 Kc7 24. Rec1 Kb7 25. Qxh4 Qd8 26. Nxb5 Kb6 27. Nd6
Qg8 28. Qxf6 Rf7 29. Nxf7 1-0

[Event "Open Aubagne 2019-2020"]
[Site "Aubagne"]
[Date "2019.09.02"]
[Round "5.22"]
[White "Moerenhout, Jean Claude"]
[Black "Tramarin, Lucas"]
[Result "1-0"]
[WhiteElo "1302"]
[BlackElo "1149"]
[PlyCount "76"]

1. d4 e6 2. Nf3 Nf6 3. e3 d5 4. Bd3 Nc6 5. a3 Be7 6. Nbd2 b6 7. b3 Bb7 8. Bb2
O-O 9. O-O h6 10. Qe2 a6 11. Ne5 Qd6 12. f4 Nd7 13. g4 f6 14. Ng6 Rfe8 15. a4
Nb4 16. Ba3 a5 17. c3 Qc6 18. Nxe7+ Rxe7 19. cxb4 Qd6 20. b5 Nc5 21. dxc5 bxc5
22. Rac1 Qd7 23. Bg6 d4 24. Bxc5 d3 25. Bxd3 Ree8 26. Be4 Bc8 27. Bxa8 Rd8 28.
Rfd1 Qf7 29. Nf1 Rxd1 30. Qxd1 Bd7 31. Bc6 Bxc6 32. bxc6 e5 33. Qd8+ Kh7 34.
Qd3+ Kg8 35. Ng3 Qe8 36. Nf5 Qe6 37. h3 Qxc6 38. Ne7+ Kf7 1-0

[Event "Open Aubagne 2019-2020"]
[Site "Aubagne"]
[Date "2019.09.02"]
[Round "5.23"]
[White "Marchis Mouren, Emma"]
[Black "Pegon, Claude"]
[Result "1-0"]
[WhiteElo "1298"]
[BlackElo "1059"]
[PlyCount "85"]

1. d4 d5 2. c4 Nf6 3. Nf3 e6 4. g3 g6 5. Bg2 dxc4 6. Qa4+ Nc6 7. Qxc4 Bb4+ 8.
Nc3 O-O 9. O-O Rb8 10. Bg5 Kg7 11. Rad1 Qe7 12. Ne5 Na5 13. Qd3 Rd8 14. Qe3 Kg8
15. Qf4 Qf8 16. Qxf6 Re8 17. Ng4 Qg7 18. Bh6 Qxf6 19. Nxf6+ Kh8 20. Nxe8 c6 21.
Rd3 Nc4 22. Rf3 f5 23. Rd1 Bd7 24. Nf6 Rd8 25. Nxd7 Rxd7 26. b3 Nd6 27. Nb1 Nf7
28. Be3 h5 29. Bc1 Kh7 30. Ba3 Ba5 31. Rdd3 Bb6 32. Bc5 Bxc5 33. dxc5 Ne5 34.
Rxd7+ Nxd7 35. b4 Kg7 36. Rd3 Ne5 37. Rd6 Kf7 38. f4 Nc4 39. Rd7+ Kf6 40. Rxb7
a5 41. bxa5 Nxa5 42. Rb6 Ke7 43. Bxc6 1-0

[Event "Open Aubagne 2019-2020"]
[Site "Aubagne"]
[Date "2019.09.02"]
[Round "5.24"]
[White "Friche, Timeo"]
[Black "Hunault, Francis"]
[Result "0-1"]
[WhiteElo "1009"]
[BlackElo "1412"]
[PlyCount "54"]

1. e4 c5 2. Bc4 d6 3. d4 cxd4 4. Qxd4 Nc6 5. Qd5 e6 6. Qd1 Nf6 7. Nc3 Be7 8.
Bg5 O-O 9. Qf3 Nd4 10. Qd3 e5 11. Nge2 Ne6 12. Bxe6 Bxe6 13. Qg3 Nh5 14. Bxe7
Qxe7 15. Qf3 Qg5 16. h3 f5 17. Nb5 fxe4 18. Qxe4 d5 19. h4 Qe7 20. Qxe5 Rf5 21.
Qe3 Re8 22. g4 Qb4+ 23. Nec3 Bf7 24. Qxe8+ Bxe8 25. gxf5 d4 26. a3 Qe7+ 27. Ne2
Bxb5 0-1

[Event "Open Aubagne 2019-2020"]
[Site "Aubagne"]
[Date "2019.09.02"]
[Round "5.25"]
[White "Roche, Alain"]
[Black "Boudet, Nicole"]
[Result "1-0"]
[WhiteElo "1321"]
[BlackElo "1048"]
[PlyCount "71"]

1. e4 c6 2. Nf3 d5 3. exd5 cxd5 4. d4 Nf6 5. Bd3 Nc6 6. O-O Qc7 7. Nc3 e6 8.
Nb5 Qb6 9. Bg5 Be7 10. Bh4 Bd7 11. Bxf6 gxf6 12. a4 e5 13. a5 Nxa5 14. dxe5
Bxb5 15. exf6 Bxf6 16. Bxb5+ Qxb5 17. Re1+ Be7 18. Qd4 f6 19. Qg4 Nc6 20. Qh5+
Kd7 21. c4 Qxc4 22. Qf5+ Kc7 23. Rac1 Qb4 24. Qe6 Rad8 25. Qf7 Kb8 26. Rxc6
bxc6 27. Rxe7 Qxb2 28. h3 a5 29. Ra7 Qb6 30. Re7 c5 31. Re6 Qc7 32. Qxf6 d4 33.
Ne5 Rdf8 34. Rb6+ Kc8 35. Qe6+ Kd8 36. Rd6+ 1-0

[Event "Open Aubagne 2019-2020"]
[Site "Aubagne"]
[Date "2019.09.02"]
[Round "5.26"]
[White "Hours, Evelyne"]
[Black "Prasant, Krishnan"]
[Result "0-1"]
[WhiteElo "1058"]
[BlackElo "1247"]
[PlyCount "84"]

1. e4 e5 2. Nf3 Nf6 3. d4 Nxe4 4. Qe2 d5 5. Nxe5 Bd6 6. Nd3 O-O 7. Be3 Re8 8.
Nd2 Nxd2 9. Qxd2 Nc6 10. a3 Nxd4 11. O-O-O Nf5 12. Bc5 Bxc5 13. Nxc5 c6 14. Bd3
Qb6 15. Nb3 Nd6 16. Qf4 Ne4 17. Rhe1 Nf6 18. Rxe8+ Nxe8 19. Re1 Nf6 20. Qe5 Be6
21. Re2 c5 22. a4 c4 23. a5 cxd3 24. Qxe6 Qxe6 25. Rxe6 fxe6 26. cxd3 Ng4 27.
Nc5 Nxf2 28. Nxe6 Nxd3+ 29. Kc2 Ne1+ 30. Kc3 Nxg2 31. Kd4 b6 32. Kxd5 bxa5 33.
Kc5 Rc8+ 34. Kb5 Rb8+ 35. Kxa5 Rxb2 36. Nc7 Kf7 37. Ka6 Ke7 38. Kxa7 Kd7 39.
Nd5 Kc6 40. Ne7+ Kd7 41. Nf5 Kc7 42. Nxg7 Ra2# 0-1

[Event "Open Aubagne 2019-2020"]
[Site "Aubagne"]
[Date "2019.09.02"]
[Round "5.27"]
[White "Biglia, Michel"]
[Black "Masson, Wally"]
[Result "0-1"]
[WhiteElo "1152"]
[BlackElo "1147"]
[PlyCount "60"]

1. e4 e5 2. Bc4 Nf6 3. Nc3 Bb4 4. d3 O-O 5. Nf3 Nc6 6. O-O Bxc3 7. bxc3 d5 8.
Bg5 dxc4 9. Bxf6 Qxf6 10. d4 exd4 11. cxd4 Bg4 12. c3 b5 13. Rb1 a6 14. a3 Rad8
15. h3 Bh5 16. g4 Bg6 17. Re1 Rfe8 18. Nd2 Qf4 19. Qf3 Qxf3 20. Nxf3 Bxe4 21.
Ng5 Bxb1 22. Rxb1 Re2 23. Kf1 Rc2 24. a4 bxa4 25. Rb7 h6 26. Ne4 a3 27. Rb1 a2
28. Ra1 Na5 29. Nc5 Nb3 30. Nxb3 cxb3 0-1

[Event "Open Aubagne 2019-2020"]
[Site "Aubagne"]
[Date "2019.09.02"]
[Round "5.28"]
[White "Ananyan, Daniel"]
[Black "Shelar, Manasvi"]
[Result "1-0"]
[WhiteElo "1199"]
[BlackElo "1099"]
[PlyCount "101"]

1. e4 e5 2. Nf3 Nc6 3. c3 Nf6 4. d3 Be7 5. Nbd2 d6 6. d4 exd4 7. cxd4 Bg4 8. e5
dxe5 9. dxe5 Nxe5 10. Be2 Bxf3 11. gxf3 Bc5 12. O-O Qd7 13. f4 Nd3 14. Qb3 Nxf2
15. Qxb7 O-O 16. Qg2 N2g4+ 17. Kh1 Ne3 18. Qf2 Qd5+ 19. Bf3 Qd6 20. Bxa8 Nxf1
21. Qxf1 Rxa8 22. Nb3 Re8 23. Bd2 Ne4 24. Rd1 Re6 25. Bb4 Qe7 26. Qb5 Nf2+ 27.
Kg2 Bxb4 28. Qb8+ Qf8 29. Rd8 Re8 30. Rxe8 Qxe8 31. Qxe8+ Bf8 32. Qe3 Nd1 33.
Qxa7 h6 34. Qxc7 Ne3+ 35. Kf3 Nd5 36. Qc6 Nb4 37. Qa4 Nd3 38. Qd4 Ne1+ 39. Kf2
Nc2 40. Qc3 Nb4 41. a4 Na6 42. a5 Nb4 43. Nc5 Na2 44. Qc4 g6 45. Qxa2 Bxc5+ 46.
Ke2 Bd6 47. a6 Bxf4 48. a7 Kg7 49. a8=Q f6 50. Q2a7+ Bc7 51. Qxc7# 1-0

[Event "Open Aubagne 2019-2020"]
[Site "Aubagne"]
[Date "2019.09.02"]
[Round "5.29"]
[White "Burnel, Marie-France"]
[Black "Gary, Yvon"]
[Result "1-0"]
[WhiteElo "1093"]
[BlackElo "1199"]
[PlyCount "67"]

1. c4 e5 2. Nc3 Nf6 3. g3 d5 4. cxd5 Nxd5 5. Bg2 Nf6 6. e3 Bf5 7. Bxb7 Nbd7 8.
Nge2 Rb8 9. Bc6 Bc5 10. d4 exd4 11. exd4 Bd6 12. O-O O-O 13. Bg2 c5 14. d5 Ng4
15. h3 Nge5 16. b3 Nf6 17. Bb2 Nd3 18. Rb1 Ne5 19. Re1 Qd7 20. Nf4 Bxb1 21.
Qxb1 Ng6 22. Nxg6 fxg6 23. Ne4 Nxd5 24. Qd1 Rf5 25. g4 Re5 26. Bxe5 Bxe5 27.
Nxc5 Qd6 28. Ne6 Kf7 29. Ng5+ Ke7 30. Nf3 Kf6 31. Nxe5 Rb5 32. Qf3+ Kg5 33.
Nf7+ Kh4 34. Nxd6 1-0

[Event "Open Aubagne 2019-2020"]
[Site "Aubagne"]
[Date "2019.09.02"]
[Round "5.30"]
[White "Lopez, Marcel"]
[Black "Salvi, Angele"]
[Result "1-0"]
[WhiteElo "1199"]
[BlackElo "1072"]
[PlyCount "81"]

1. c4 c5 2. b3 d6 3. Bb2 Nc6 4. d3 Nf6 5. Nd2 Bd7 6. f3 e6 7. e4 Nh5 8. Ne2
Qh4+ 9. g3 Nxg3 10. Nxg3 e5 11. Qe2 Nd4 12. Bxd4 exd4 13. Qf2 O-O-O 14. O-O-O
g6 15. Re1 Kc7 16. f4 Bc6 17. Re2 Bh6 18. Nf5 Qxf4 19. Nxh6 Qxh6 20. Qxf7+ Rd7
21. Qf2 Rf8 22. Qg3 Rdf7 23. Kc2 Qg7 24. Rg1 Rf6 25. e5 Rf3 26. Nxf3 Rxf3 27.
Qe1 dxe5 28. Rxe5 Kb6 29. Bg2 Rf6 30. Bxc6 bxc6 31. b4 Rf2+ 32. Kb3 Rf5 33.
Rxf5 Qh6 34. Rf3 Qxh2 35. bxc5+ Kxc5 36. Rf2 Qb8+ 37. Kc2 Qc7 38. Kc1 a5 39.
Rg5+ Kb6 40. a4 Qd6 41. c5+ 1-0

[Event "Open Aubagne 2019-2020"]
[Site "Aubagne"]
[Date "2019.09.02"]
[Round "5.31"]
[White "Nasri, Alexandre"]
[Black "Catanese, Sauveur"]
[Result "0-1"]
[WhiteElo "1199"]
[BlackElo "1037"]
[PlyCount "72"]

1. e4 c5 2. Nf3 d6 3. Bc4 e6 4. Nc3 g6 5. O-O Bg7 6. d4 cxd4 7. Nxd4 Nf6 8. Bg5
O-O 9. Re1 a6 10. Qd2 Re8 11. e5 dxe5 12. Rxe5 b5 13. Bb3 Nc6 14. Re2 Nxd4 15.
Re4 Nxb3 16. Qxd8 Rxd8 17. cxb3 h6 18. Bxf6 Bxf6 19. Rd1 Rxd1+ 20. Nxd1 Bb7 21.
Re2 Rd8 22. Ne3 Bg5 23. f3 Rd3 24. Kf2 f5 25. g4 f4 26. Ng2 Rxf3+ 27. Kg1 Kf7
28. h4 Bf6 29. Rc2 Ba8 30. Rc7+ Be7 31. Ra7 Bd5 32. Ne1 Rg3+ 33. Kf2 Rxg4 34.
Rxa6 Bxh4+ 35. Ke2 e5 36. Nf3 Rg2+ 0-1

[Event "Open Aubagne 2019-2020"]
[Site "Aubagne"]
[Date "2019.09.02"]
[Round "5.32"]
[White "Lognos, Lina"]
[Black "Puertolas, Alain"]
[Result "1-0"]
[WhiteElo "1038"]
[BlackElo "1199"]
[PlyCount "102"]

1. c4 e5 2. Nc3 Nf6 3. d3 c6 4. e4 Bc5 5. Nf3 Ng4 6. d4 Bb6 7. c5 Ba5 8. Be2 h6
9. Nxe5 h5 10. Nxg4 hxg4 11. Bxg4 b6 12. Bd2 Qe7 13. h3 Ba6 14. a3 Bxc3 15.
Bxc3 Kd8 16. e5 bxc5 17. dxc5 Re8 18. e6 fxe6 19. Be2 Qxc5 20. Bxg7 Rg8 21.
Bf6+ Kc7 22. Bd4 Qd5 23. Bf3 Qa5+ 24. Qd2 Qf5 25. Rc1 Bd3 26. Qe3 Na6 27. Qe5+
Qxe5+ 28. Bxe5+ Kc8 29. Rd1 Nc5 30. b4 Bc2 31. Rd2 Nd3+ 32. Ke2 Rg5 33. Rxc2
Rxe5+ 34. Kxd3 a5 35. Rb2 axb4 36. axb4 Ra3+ 37. Kc2 c5 38. b5 c4 39. b6 d5 40.
b7+ Kb8 41. Rhb1 d4 42. Kc1 Rc3+ 43. Rc2 Re1+ 44. Kb2 Rb3+ 45. Ka2 Rbxb1 46.
Rxc4 Ra1+ 47. Kb3 Reb1+ 48. Kc2 Rc1+ 49. Kd3 Ra3+ 50. Kxd4 Rca1 51. Rc8+ Ka7
1-0

[Event "Open Aubagne 2019-2020"]
[Site "Aubagne"]
[Date "2019.09.02"]
[Round "5.33"]
[White "Le Roux, Yves"]
[Black "Shelar, Rujuta"]
[Result "1-0"]
[WhiteElo "1145"]
[BlackElo "1040"]
[PlyCount "83"]

1. e4 e5 2. Nf3 Nc6 3. Bc4 Nf6 4. Ng5 d5 5. exd5 Nxd5 6. Nxf7 Qd7 7. Nxh8 Bc5
8. Qf3 Nf6 9. c3 Qe7 10. h3 Be6 11. Bb5 Bd5 12. Qe2 Qd6 13. d4 Bb6 14. dxe5 Qf8
15. Bxc6+ Bxc6 16. exf6+ Kd8 17. Qe7+ Qxe7+ 18. fxe7+ Kxe7 19. Bg5+ Ke6 20. O-O
Rxh8 21. Na3 Rf8 22. Bh4 Bc5 23. Rfe1+ Kd7 24. Rad1+ Bd6 25. Nc4 h6 26. Be7 Rf7
27. Bxd6 cxd6 28. Nxd6 Kc7 29. Nxf7 Kb6 30. Nd8 a6 31. Nxc6 Kxc6 32. Re7 Kb6
33. Rxg7 Ka7 34. f4 Kb6 35. f5 Ka7 36. f6 Kb6 37. f7 Ka5 38. f8=Q b6 39. Rd5+
b5 40. Rd4 Kb6 41. Qd8+ Kc6 42. Qd6# 1-0

[Event "Open Aubagne 2019-2020"]
[Site "Aubagne"]
[Date "2019.09.02"]
[Round "5.34"]
[White "Friche, Allan"]
[Black "Innocenti, Georges"]
[Result "0-1"]
[WhiteElo "1009"]
[BlackElo "1122"]
[PlyCount "102"]

1. c4 e5 2. Nc3 Nf6 3. Nf3 Nc6 4. g3 d6 5. Bg2 h6 6. O-O Be7 7. d4 exd4 8. Nxd4
Bd7 9. Nxc6 Bxc6 10. Bxc6+ bxc6 11. b4 O-O 12. c5 Rb8 13. cxd6 Qxd6 14. Qxd6
Bxd6 15. a3 Be5 16. Bb2 Nd5 17. Nxd5 Bxb2 18. Ne7+ Kh8 19. Nxc6 Bxa1 20. Nxb8
Rxb8 21. Rxa1 Kh7 22. Rc1 Rb7 23. a4 Rxb4 24. Rxc7 Rxa4 25. Rxf7 a5 26. f4 Kg8
27. Ra7 Ra1+ 28. Kg2 a4 29. Ra8+ Kh7 30. e4 a3 31. e5 Ra2+ 32. Kh3 Kg6 33. g4
Kf7 34. Ra7+ Ke6 35. Rxg7 Ra1 36. Rg6+ Kd5 37. Rxh6 a2 38. Rd6+ Kc5 39. e6 Kxd6
40. f5 Re1 41. f6 Kxe6 42. g5 a1=Q 43. Kg3 Rg1+ 44. Kf2 Rxg5 45. h4 Rf5+ 46.
Kg3 Rxf6 47. h5 Qe5+ 48. Kh4 Rf4+ 49. Kg3 Qe3+ 50. Kg2 Rf2+ 51. Kh1 Qe1# 0-1

[Event "Open Aubagne 2019-2020"]
[Site "Aubagne"]
[Date "2019.09.02"]
[Round "5.35"]
[White "Madi, Walid"]
[Black "Rouviere, Lucas"]
[Result "1-0"]
[WhiteElo "1006"]
[BlackElo "1099"]
[PlyCount "67"]

1. d4 Nf6 2. Bf4 d6 3. Nf3 g6 4. h3 Nc6 5. Nc3 Bg7 6. e3 O-O 7. Bd3 Nd7 8. Bb5
e5 9. Bh2 Rb8 10. d5 Ne7 11. O-O Nb6 12. e4 a6 13. Bd3 c6 14. dxc6 Nxc6 15. a3
Be6 16. Be2 Nc4 17. Rb1 b5 18. Nd5 Nb6 19. Nxb6 Rxb6 20. Qd2 Ba2 21. Ra1 Be6
22. Rfd1 Na7 23. Bxe5 Bxe5 24. Nxe5 dxe5 25. Qxd8 Rxd8 26. Rxd8+ Kg7 27. Rad1
Nc6 28. R8d6 h5 29. b3 Kf8 30. c4 bxc4 31. bxc4 Rb2 32. Rxc6 Rxe2 33. Rxa6 Rxe4
34. Ra4 1-0

[Event "Open Aubagne 2019-2020"]
[Site "Aubagne"]
[Date "2019.09.02"]
[Round "5.36"]
[White "Manus, Renaud"]
[Black "Renahy, Corentin"]
[Result "1-0"]
[WhiteElo "1199"]
[BlackElo "1099"]
[PlyCount "109"]

1. d4 Nf6 2. Bf4 d5 3. e3 Bf5 4. Nf3 e6 5. h3 Nc6 6. Nbd2 Bd6 7. Bh2 Nb4 8.
Bb5+ c6 9. Ba4 Bxh2 10. Rxh2 Qa5 11. Bb3 c5 12. a3 Nc6 13. c3 c4 14. Bc2 Ne4
15. Nh4 Nxd2 16. Nxf5 exf5 17. Qxd2 g6 18. h4 Qb6 19. Rb1 Na5 20. Ba4+ Nc6 21.
Qd1 O-O-O 22. Qf3 Qa6 23. Bc2 Rd6 24. h5 Na5 25. Qf4 Rf6 26. Bd1 Rg8 27. Qh6
gxh5 28. Qf4 Qe6 29. g3 h6 30. Bxh5 Nc6 31. Ke2 Rg4 32. Qf3 Qe4 33. Qxe4 Rxe4
34. Bf3 Re8 35. Bxd5 Na5 36. Rbh1 Rh8 37. Rh5 Kd7 38. f4 Kd6 39. Bg2 Rg6 40.
Kf2 Ke6 41. Rd1 Rf6 42. Bh3 Rd8 43. e4 Rc8 44. Bxf5+ Rxf5 45. Rxf5 Nb3 46. d5+
Kd6 47. Rxf7 Kc5 48. Rxb7 Rh8 49. Rxa7 h5 50. d6 h4 51. d7 h3 52. Kg1 Kb5 53.
d8=Q h2+ 54. Kh1 Rh6 55. Qg5+ 1-0

[Event "Open Aubagne 2019-2020"]
[Site "Aubagne"]
[Date "2019.09.02"]
[Round "5.37"]
[White "Belaid, Myriam"]
[Black "Deroual, Alexandre"]
[Result "0-1"]
[WhiteElo "1199"]
[BlackElo "1055"]
[PlyCount "40"]

1. f4 f5 2. Nf3 d5 3. e3 e6 4. Ne5 Nd7 5. b3 Nxe5 6. fxe5 Qh4+ 7. g3 Qe4 8. Rg1
Qxe5 9. Nc3 Bb4 10. Bb2 d4 11. a3 dxc3 12. Qh5+ g6 13. Qe2 cxd2+ 14. Kd1 Qxb2
15. Qb5+ c6 16. Qxb4 Qxa1+ 17. Kxd2 Nf6 18. c3 Ne4+ 19. Kd3 Qd1+ 20. Kc4 b5+
0-1

[Event "Open Aubagne 2019-2020"]
[Site "Aubagne"]
[Date "2019.09.02"]
[Round "5.38"]
[White "Gabarrot, Maxence"]
[Black "Garbe, Georges"]
[Result "1/2-1/2"]
[WhiteElo "1099"]
[BlackElo "1188"]
[PlyCount "112"]

1. e3 d5 2. Nf3 Nc6 3. d4 Nf6 4. Bd2 e6 5. Nc3 Be7 6. Qe2 O-O 7. O-O-O Na5 8.
Kb1 Qd6 9. Nb5 Qb6 10. Qe1 Nc6 11. Ba5 Nxa5 12. Ne5 Nc6 13. Nxc6 Qxc6 14. f3 a6
15. Nc3 Bd7 16. e4 dxe4 17. fxe4 Rad8 18. e5 Nd5 19. Nxd5 Qxd5 20. c3 Ba4 21.
Rc1 Bc6 22. Bd3 Qxg2 23. Rg1 Qf3 24. Be2 Be4+ 25. Ka1 Qf4 26. h3 Bg6 27. Qg3
Qxg3 28. Rxg3 f6 29. exf6 Bxf6 30. Bd3 Bxd3 31. Rxd3 Rd5 32. c4 Rh5 33. d5 e5
34. Rf1 e4 35. Re3 Rh4 36. Kb1 b6 37. Kc2 a5 38. Kb3 Re8 39. Ka4 Bxb2 40. Kb5
Bd4 41. Re2 Rxh3 42. Kc6 Re7 43. Rd1 Bc5 44. Rf1 e3 45. Kb7 Rh6 46. Kc8 Rf6 47.
Rxf6 gxf6 48. Kd8 Kf8 49. a4 f5 50. d6 Bxd6 51. Kc8 f4 52. Kb7 f3 53. Rxe3 Rxe3
54. c5 f2 55. Ka6 bxc5 56. Kxa5 f1=Q 1/2-1/2

[Event "Open Aubagne 2019-2020"]
[Site "Aubagne"]
[Date "2019.09.02"]
[Round "5.39"]
[White "Belliardo, Julia"]
[Black "Periale, Francine"]
[Result "0-1"]
[WhiteElo "1099"]
[BlackElo "1007"]
[PlyCount "82"]

1. e4 c5 2. Nc3 Nc6 3. f4 e6 4. d3 g6 5. Be2 Bg7 6. Na4 d6 7. Be3 b6 8. d4 cxd4
9. Bd2 Nge7 10. c3 O-O 11. Bc1 dxc3 12. b3 Nd4 13. Bd3 c2 14. Bxc2 Qc7 15. Bd3
Ndc6 16. Bb2 Nd4 17. Rc1 Nec6 18. Rc4 Ba6 19. Qc1 b5 20. Qa1 bxc4 21. bxc4 Nc2+
22. Bxc2 f6 23. Nf3 Bxc4 24. e5 dxe5 25. Bb3 Bxb3 26. axb3 Nb4 27. fxe5 Nd3+
28. Ke2 Nxb2 29. Qxb2 fxe5 30. Ng5 Rae8 31. Rf1 Rxf1 32. Kxf1 Rf8+ 33. Ke1 Qa5+
34. b4 Qxa4 35. Nxe6 Rf7 36. Qc3 Qd7 37. Nc5 Qd4 38. Qc2 Qxb4+ 39. Kd1 Rf1+ 40.
Ke2 Re1+ 41. Kf3 Qf4# 0-1

[Event "Open Aubagne 2019-2020"]
[Site "Aubagne"]
[Date "2019.09.02"]
[Round "8.1"]
[White "Jamme, Jean-Pierre"]
[Black "Pouyet, Alain"]
[Result "1/2-1/2"]
[WhiteElo "1898"]
[BlackElo "1569"]
[PlyCount "68"]

1. d4 Nf6 2. c4 e6 3. Nf3 Bb4+ 4. Nc3 d5 5. Qa4+ Nc6 6. Ne5 Bxc3+ 7. bxc3 Bd7
8. Nxd7 Nxd7 9. cxd5 Nb6 10. Qb3 Qxd5 11. Qc2 f5 12. Bf4 O-O-O 13. Bd2 Nc4 14.
e3 N6a5 15. Bc1 Rhf8 16. Rb1 Rd6 17. Rb4 Rc6 18. Bxc4 Rxc4 19. O-O Qc6 20. Rxc4
Nxc4 21. Re1 a6 22. e4 g6 23. Bh6 Rg8 24. Bg5 Nd6 25. f3 Nb5 26. Rc1 fxe4 27.
Qxe4 Qd5 28. Qxd5 exd5 29. Kf2 Re8 30. Bd2 Nd6 31. Re1 Rxe1 32. Bxe1 Kd7 33. g4
c6 34. Ke3 Ke6 1/2-1/2

[Event "Open Aubagne 2019-2020"]
[Site "Aubagne"]
[Date "2019.09.02"]
[Round "8.2"]
[White "Tramarin, Matteo"]
[Black "Rivollier, Frederic"]
[Result "1-0"]
[WhiteElo "1461"]
[BlackElo "1467"]
[PlyCount "55"]

1. c4 e5 2. Nc3 Nf6 3. Nf3 Nc6 4. g3 d5 5. cxd5 Nxd5 6. Bg2 Nb6 7. d3 Be7 8.
O-O O-O 9. h4 f5 10. Bg5 f4 11. Qb3+ Kh8 12. Qb5 h6 13. Bxe7 Qxe7 14. Ne4 a6
15. Qb3 Be6 16. Qc2 Nd5 17. Qd2 fxg3 18. fxg3 Qd7 19. Kh2 Qe7 20. Rac1 Bg4 21.
Nc5 Rab8 22. Nxa6 Ra8 23. Nc5 Rxa2 24. Nxb7 Rb8 25. Rxc6 Rxb7 26. Nxe5 Bh5 27.
Rxh6+ Kg8 28. Bxd5+ 1-0

[Event "Open Aubagne 2019-2020"]
[Site "Aubagne"]
[Date "2019.09.02"]
[Round "8.3"]
[White "Laurent, Yohan"]
[Black "Ganier, Philippe"]
[Result "1-0"]
[WhiteElo "1628"]
[BlackElo "1559"]
[PlyCount "55"]

1. c4 Nf6 2. Nc3 g6 3. d4 d6 4. e4 Bg7 5. f3 O-O 6. Be3 Nfd7 7. Nge2 c5 8. Qd2
a6 9. Bh6 b5 10. Bxg7 Kxg7 11. cxb5 axb5 12. Nxb5 Ba6 13. Nec3 Kg8 14. Be2 cxd4
15. Qxd4 Nc6 16. Qd2 Nc5 17. O-O Ne6 18. a4 Qb6+ 19. Kh1 Qa5 20. Na3 Bxe2 21.
Qxe2 Ncd4 22. Qe3 Qb4 23. f4 Nc5 24. f5 Ndb3 25. Nd5 Qxe4 26. Nxe7+ Kh8 27. Qh6
Nxa1 28. fxg6 1-0

[Event "Open Aubagne 2019-2020"]
[Site "Aubagne"]
[Date "2019.09.02"]
[Round "8.4"]
[White "Vicari-Vento, Salvatore"]
[Black "Cescon, Moreno"]
[Result "0-1"]
[WhiteElo "1352"]
[BlackElo "1677"]
[PlyCount "118"]

1. e4 e5 2. Nf3 d6 3. d4 exd4 4. Nxd4 Nf6 5. Nc3 c5 6. Nb3 a6 7. Be2 Nc6 8. Bg5
Be7 9. O-O h6 10. Be3 O-O 11. a3 b5 12. Bf3 Ne5 13. Nd5 Nxd5 14. exd5 Nxf3+ 15.
Qxf3 Bf6 16. Rab1 Re8 17. c3 Re5 18. Rfd1 Rf5 19. Qe2 Be5 20. Nd2 Qh4 21. h3
Rf6 22. Nf3 Qh5 23. Re1 Rg6 24. Nxe5 Qxe5 25. Qf3 Qf5 26. Bf4 Bd7 27. g4 h5 28.
Qe4 Qxe4 29. Rxe4 hxg4 30. Rbe1 gxh3+ 31. Bg3 f5 32. Rf4 Rh6 33. Kh2 g5 34. Rf3
f4 35. Bxf4 gxf4 36. Rg1+ Kh8 37. Rxf4 Rg8 38. Rf7 Rxg1 39. Kxg1 Bg4 40. Kh2
Kg8 41. Rf4 Bd1 42. b4 Bb3 43. Rf5 Kg7 44. Rg5+ Kf6 45. f4 Rh4 46. bxc5 Rxf4
47. Rh5 dxc5 48. Rh6+ Kg7 49. Rxa6 Bxd5 50. Kxh3 Rf3+ 51. Kg4 Rxc3 52. Ra5 Be6+
53. Kf4 Rb3 54. Ke5 Bf7 55. a4 bxa4 56. Rxa4 c4 57. Ra2 c3 58. Rg2+ Bg6 59. Kd4
c2 0-1

[Event "Open Aubagne 2019-2020"]
[Site "Aubagne"]
[Date "2019.09.02"]
[Round "8.5"]
[White "Gomez, Guy"]
[Black "Pinet, Leo"]
[Result "0-1"]
[WhiteElo "1557"]
[BlackElo "1543"]
[PlyCount "62"]

1. e4 e5 2. Nf3 Qe7 3. d4 exd4 4. Qxd4 Nc6 5. Qe3 Nb4 6. Bd3 d5 7. O-O Nf6 8.
Nc3 a6 9. Re1 Bg4 10. Nd4 c5 11. Qd2 O-O-O 12. Nf5 Qc7 13. e5 c4 14. Qg5 h6 15.
Nxh6 Rxh6 16. Bf5+ Bxf5 17. Qxf5+ Qd7 18. Qxd7+ Nxd7 19. Bxh6 gxh6 20. Re2 Nc5
21. a3 Nc6 22. b4 cxb3 23. cxb3 Nxb3 24. Rb1 Nc5 25. f4 d4 26. Nd1 d3 27. Reb2
Rd7 28. Ne3 Na4 29. Nc4 Bc5+ 30. Kf1 Nxb2 31. Rxb2 Rd4 0-1

[Event "Open Aubagne 2019-2020"]
[Site "Aubagne"]
[Date "2019.09.02"]
[Round "8.6"]
[White "Blanc, Michel"]
[Black "Gamblin, Vincent"]
[Result "1/2-1/2"]
[WhiteElo "1512"]
[BlackElo "1428"]
[PlyCount "78"]

1. Nf3 c5 2. c3 g6 3. d4 cxd4 4. cxd4 Bg7 5. Bf4 Nf6 6. Nc3 Qa5 7. Qd2 O-O 8.
e3 a6 9. Be2 d6 10. O-O Bf5 11. a3 Nc6 12. b4 Qc7 13. Bg5 Rac8 14. Bxf6 exf6
15. Rac1 Qd8 16. Nh4 Bd7 17. Nf3 f5 18. Rc2 b5 19. Rfc1 Re8 20. Nd1 Qf6 21. d5
Ne5 22. Rxc8 Nxf3+ 23. Bxf3 Rxc8 24. Rxc8+ Bxc8 25. Qc2 Qd8 26. a4 Bd7 27. axb5
Bxb5 28. g3 Be5 29. Nb2 Qd7 30. Be2 Bxe2 31. Qxe2 Qb5 32. Qxb5 axb5 33. Nd3 Bc3
34. Kf1 Kg7 35. Ke2 g5 36. h3 g4 37. h4 Kf6 38. Kd1 Kg6 39. Ke2 Kf6 1/2-1/2

[Event "Open Aubagne 2019-2020"]
[Site "Aubagne"]
[Date "2019.09.02"]
[Round "8.8"]
[White "Roux, Jean-Marie"]
[Black "Bedhouche, Rayan"]
[Result "0-1"]
[WhiteElo "1288"]
[BlackElo "1434"]
[PlyCount "112"]

1. e4 c5 2. Nf3 d6 3. Nc3 Nc6 4. Bc4 Bd7 5. d3 a6 6. Be3 Nf6 7. Qd2 e6 8. Bg5
Be7 9. h4 b5 10. Bb3 Qb6 11. O-O-O a5 12. a3 a4 13. Ba2 b4 14. axb4 cxb4 15.
Nb1 b3 16. cxb3 axb3 17. Bxb3 Qxb3 18. Qc3 Qxc3+ 19. Nxc3 O-O 20. Kd2 Rfb8 21.
Rb1 h6 22. Be3 Ng4 23. g3 Nxe3 24. Kxe3 Rb4 25. Nd2 Rab8 26. b3 Nd4 27. Rhc1
Nxb3 28. Rc2 Nxd2 29. Rxb4 Nf1+ 30. Ke2 Nxg3+ 31. fxg3 Rxb4 32. Na2 Rd4 33. Rc7
Bb5 34. Rxe7 Bxd3+ 35. Ke3 e5 36. Nc3 Kf8 37. Rc7 Rc4 38. Rxf7+ Kxf7 39. Kxd3
Rd4+ 40. Ke3 Ke6 41. Nb5 Rb4 42. Nc7+ Kd7 43. Na6 Rb6 44. Nc5+ dxc5 45. Kd3
Rb3+ 46. Kc4 Rxg3 47. Kxc5 Ke6 48. h5 Rg5 49. Kc4 Rxh5 50. Kd3 g5 51. Ke3 g4
52. Kf2 Rg5 53. Kg3 Kf6 54. Kg2 g3 55. Kg1 g2 56. Kh2 g1=Q+ 0-1